000 00550nam a2200193Ia 4500
005 20250326123931.0
008 250326s9999 xx 000 0 und d
037 _aTextbook
040 _aFMSL
_beng
_cFMSL
041 _aeng
_2eng
084 _aT:3(X:8) L3
_qFMSL
100 _aDouglas L V
_9736428
245 0 _aTeaching business subjects
_cDouglas L V; Blanford J T And Others
250 _a3
260 _aNew Jersey
_bNew Jersey, Prentice-hall
_c1973
300 _a450p
942 _cTB
_hT:3(X:8) L3
999 _c1271548
_d1271548